00299cam a2200109 a 4500020001500000040000800015082002600023100002400049245006500073260003100138300002000169 a0393037398 cDLC a338 NOR 1995 A014 Or.1 aJohnson, Chalmers A10aJapan, who governs? :bthe rise of the developmental state / aNew York :bNorton,cc1995 a384 p. ;c22 cm